| 000 | 00828cam a2200253 a 4500 | ||
|---|---|---|---|
| 001 | 000006149 | ||
| 005 | 20200929151943.0 | ||
| 008 | 940201s1990 sp 001 0 spa | ||
| 020 | _a8472231585 | ||
| 040 |
_aDO-SdBNP _cDLC _dDLC |
||
| 082 |
_a861.64 _bC837 |
||
| 100 | 1 |
_aCostafreda, Alfonso, _d1926-1974. _917277 |
|
| 245 | 1 | 0 |
_aPoesía completa / _cAlfonso Costafreda ; edición, Jordi Jové y Pere Rovira. |
| 260 |
_aBarcelona : _bTusquets, _c1990. |
||
| 300 |
_a364 p. ; _c21 cm. |
||
| 490 | 1 |
_aMarginales ; _v110. |
|
| 490 | 1 | _aNuevos textos sagrados | |
| 650 | 4 |
_aPoesìa española _9631 |
|
| 650 | 4 |
_aLiteratura española _9632 |
|
| 700 | 1 |
_aJové, Jordi, _eed. _917278 |
|
| 700 | 1 |
_aRovira, Pere, _eed. _917279 |
|
| 830 | 0 |
_aMarginales. _pNuevos textos sagrados ; _v110. _914187 |
|
| 910 | _aCatalogación por copia / LC | ||
| 999 |
_c5945 _d5945 |
||